000 00858nam a2200205Ii 4500
003 JO-AjNU
008 230605s9999||||xx |||||||||||||| ||und||
040 _aJO-AjNU
_bara
_erda
_cJO-AjNU
041 _aara
050 1 4 _aPJ6101.Z342 1990
100 3 _aتاليف الجرجاني، عبد القاهر؛ تحقيق يسري عبد الغني عبد الله,
_eauthor
_938373
245 0 0 _aكتاب الجمل في النحو لأبي بكر عبد القاهر بن عبد الرحمن بن محمد الجرجاني المتوفي سنة 471هـ
250 _aط1
264 3 1 _aبيروت: دار الكتب العلمية، 1990
300 _a118ص
336 _atext
_btxt
_2rdacontent
337 _aunmediated
_bn
_2rdamedia
338 _avolume
_bnc
_2rdacarrier
650 4 _aالنحو-اللغة العربية-الجمل في النحو
_938374
999 _aA16117
_c19685
_d19685